000 00957nam a2200205 a 4500
001 000029353
005 20200930055509.0
008 110415s1979 dr 000 0 spa d
040 _aDO-SdBNP
_bspa
_cBNPHU
082 _axxx
_bC748i
111 1 _aConferencia, importancia de la supervisión oficial en el desarrollo de las instituciones financieras
_d(1979 jul. 6 :
_cSanto Domingo )
_956223
245 1 1 _aImportancia de la supervisión oficial en el desarrollo de las instituciones financieras /
_cAntonio J. Alma.
260 _aSanto Domingo :
_bSecretaría de Estado de Finanzas,
_c1979.
300 _a27 p. ;
_c22 cm.
490 1 _aPublicaciones Técnica de la Secretaría de Estado de Finanzas
_v3
500 _aCharla dictada por el Lic. Antonio J. Alma superintendente de Bancos de la República Dominicna
700 1 _aAlma, Antonio J.
_956224
830 0 _aPublicaciones Técnica de la Secretaría de Estado de Finanzas
_v3
_935327
049 _aBNPG
999 _c28845
_d28845